000 00411nam a2200157Ia 4500
008 210716s2018 xx 000 0 und d
020 _a9789352865611
041 _aeng
082 _a658.8 KOTP
100 _aKotler, Philip; Armstrong, Gary; Agnihotri, Prafulla Y.
245 _aPrinciples of marketing.
250 _a17
260 _aNew Delhi
_bPearson
_c2018
300 _axxii,701
650 _aMarketing
999 _c211076
_d211076